One Piece characters' real names - Statistics

General Stats
  • This quiz has been taken 725 times
  • The average score is 35 of 48
Answer Stats
Hint Answer % Correct
Straw Hat Monkey D. Luffy
98%
Cat Burglar Nami
97%
King of Snipers/Sogeking/God Usopp
96%
Soul King Brook
94%
Cyborg/Iron Man Franky/Cutty Flam
94%
Black Leg/Mr. Prince Vinsmoke Sanji
94%
Demon Child/Miss All Sunday Nico Robin
93%
Pirate Hunter Roronoa Zoro
91%
Cotton Candy Lover Tony Tony Chopper
90%
Pirate Empress/Snake Princess Boa Hancock
87%
Mr.0 Crocodile
87%
Pirate King Gol D. Roger
84%
Knight of the Sea Jinbe
84%
The Clown Buggy
83%
Red-Haired Shanks
83%
The Phoenix Marco
82%
Whitebeard Edward Newgate
81%
Blackbeard Marshall D. Teach
80%
Hero of the Marines Monkey D.Garp
80%
Big Mom Charlotte Linlin
79%
The Buddha Sengoku
79%
Surgeon of Death Trafalgar Law
79%
Hawk Eyes Dracule Mihawk
78%
Fire Fist Portgas D.Ace
78%
Of the Beasts Kaido
77%
Aokiji Kuzan
74%
Dark King/Right Hand of the Pirate King Silvers Rayleigh
68%
Kizaru Borsalino
67%
Mr.1 Daz Bones
66%
Miss Wednesday Nefertari Vivi
66%
Akainu Sakazuki
64%
Mad Monk Urouge
64%
Heavenly Yaksha/Joker Donquixote Doflamingo
61%
The Magician Basil Hawkins
59%
Gang Capone Bege
59%
Mr.3 Galdino
59%
The Conflagration King/Alber
57%
The Plague Queen
57%
The Hyena Bellamy
54%
The Drought Jack
54%
Fujitora Issho
52%
Tyrant Bartholomew Kuma
50%
Mr.2 Bon Clay Bentham
50%
Pirate Prince Cavendish
50%
Big Eater Jewelry Bonney
50%
Cannibal Bartolomeo
48%
Okama King Emporio Ivankov
47%
Wet-Haired Caribou
41%
No matching quizzes found
Score Distribution
Percent of People with Each Score
Percentile by Number Answered
Your Score History
You have not taken this quiz